All foreign players Everton FC - Statistics

General Stats
  • This quiz has been taken 29 times
  • The average score is 56 of 149
Answer Stats
Hint Answer % Correct
Romelu Lukaku
100%
Richarlison
94%
Tim Howard
94%
Kevin Mirallas
88%
Lucas Digne
88%
Steven Pienaar
88%
Sylvain Distin
88%
Abdoulaye Doucouré
81%
Idrissa Gueye
81%
James Rodríguez
81%
Magaye Gueye
81%
Alex Iwobi
75%
André Gomes
75%
Gylfi Sigurðsson
75%
75%
John Heitinga
75%
Landon Donovan
75%
Tie Li
75%
Tim Cahill
75%
Weifeng Li
75%
Cenk Tosun
69%
Joseph Yobo
69%
Mikel Arteta
69%
Allan
63%
Amadou Onana
63%
Asmir Begović
63%
Bernard
63%
Davy Klaassen
63%
Leandro Rodríguez
63%
Louis Saha
63%
Morgan Schneiderlin
63%
Thomas Gravesen
63%
Vitaliy Mykolenko
63%
Yannick Bolasie
63%
Yerry Mina
63%
Andrey Kanchelskis
56%
Maarten Stekelenburg
56%
Marouane Fellaini
56%
Neal Maupay
56%
Arouna Koné
50%
Beto
50%
Cuco Martina
50%
Daniel Amokachi
50%
Enner Valencia
50%
Manuel Fernandes
50%
Marco Materazzi
50%
Nikola Vlašić
50%
Abel Xavier
44%
Alessandro Pistone
44%
Anders Limpar
44%
Arnaut Danjuma
44%
Demarai Gray
44%
Donny Van De Beek
44%
Jean-Philippe Gbamin
44%
Joel
44%
Lacina Traoré
44%
Moise Kean
44%
Nikica Jelavić
44%
Oumar Niasse
44%
Ramiro Funes Mori
44%
Sandro
44%
Thomas Hitzlsperger
44%
Tomasz Radzinski
44%
Bryan Oviedo
38%
Christian Atsu
38%
Gerard Deulofeu
38%
João Silva
38%
Kurt Zouma
38%
Niclas Alexandersson
38%
Philippe Senderos
38%
Royston Drenthe
38%
Samuel Eto'o
38%
Slaven Bilić
38%
Thomas Myhre
38%
Ademola Lookman
31%
Anderson
31%
Antolín Alcaráz
31%
David Ginola
31%
Diniyar Bilyaletdinov
31%
Eliaquim Mangala
31%
Jermaine Beckford
31%
Joshua King
31%
Muhamed Bešić
31%
Salomón Rondón
31%
Victor Anichebe
31%
Alex Nyarko
25%
Andy Van Der Meyde
25%
Beni Baningime
25%
Brian McBride
25%
Denis Stracqualursi
25%
Joe-Max Moore
25%
Mickaël Madar
25%
Olivier Dacourt
25%
Robin Olsen
25%
Shkodran Mustafi
25%
Stefan Wessels
25%
Tobias Linderoth
25%
Tolis Vellios
25%
Yakubu Ayegbeni
25%
Youssef Chermiti
25%
Antonee Robinson
19%
Brendan Galloway
19%
Ibrahima Bakayoko
19%
Lars Jacobsen
19%
Lucas Neill
19%
Marc Hottiger
19%
Matteo Ferrari
19%
Per Krøldrup
19%
Preki Radosavljevic
19%
Robert Warzycha
19%
Rúben Vinagre
19%
Sander Westerveld
19%
Segundo Castillo
19%
Anwar El Ghazi
13%
Claus Thomsen
13%
Djibril Sidibé
13%
Eldin Jakupović
13%
Espen Baardsen
13%
Idan Tal
13%
Ján Mucha
13%
Jason Kearton
13%
Jesper Blomqvist
13%
João Virgínia
13%
Jonas Lössl
13%
Niels Nkounkou
13%
Nuno Valente
13%
Shani Tarashaj
13%
Tyias Browning
13%
Bjarni Viðarsson
6%
Brian Quinn
6%
David Carney
6%
David Murray
6%
Eddy Bosnar
6%
Francisco Santos
6%
Hallam Hope
6%
Henry Onyekuru
6%
Hope Akpan
6%
Ibou Touray
6%
Ibrahim Saïd
6%
Jindřich Staněk
6%
Marcus Hahnemann
6%
Mateusz Hewelt
6%
Peter Degn
6%
Raymond Atteveld
6%
Rodrigo Beckham
6%
Stefan Rehn
6%
Teerathep Winothai
6%
Toto Nsiala
6%
Žan Luk Leban
6%
No matching quizzes found
Score Distribution
Percent of People with Each Score
Percentile by Number Answered
Your Score History
You have not taken this quiz